Responses for Show #3099 - Thursday, February 5, 1998

1998 Tournament of Champions quarterfinal game 4.

Contestants

[<< previous game]

Sahir Islam, a Teen Tournament winner from Somers, New York

Pam Mifflin, a computer trainer from Brookfield, Wisconsin

Arthur Phillips, a speechwriter from Cambridge, Massachusetts

[next game >>]

Jeopardy! Round responses

THE ART OF WAR
MOVIE VICTIMS
THE BOOK BIZ
THE BODY HUMAN
UNDRESSED FOR SUCCESS
NEXT LINE, PLEASE
    $100 2
Mace

Sahir
    $100 15
Jason

Sahir
    $100 13
book clubs

Pam
    $100 8
swallowing

Sahir
    $100 21
Mata Hari

Sahir
    $100 26
[Dialogue from the Three Stooges' Hula-La-La.]

"The Witch Doctor is a bad man."

Arthur
    $200 3
(Sahir: What is a strike?)
(Alex: Be more specific.)

First strike

Sahir
    $200 16
Scream

Sahir
    $200 14
Publisher's Weekly

Arthur
    $200 9
teeth

Sahir
    $200 22
Striptease

Pam
    $200 27
"The days of our lives"

Arthur
    $300 4
Boeing

Arthur
    $300 5
Matthew Broderick

Sahir
    $300 1
Simon

Sahir
    $300 10
the eye

Triple Stumper
    $300 23
Anna Nicole Smith

Sahir
    $300 28
"It has to be good"

Sahir
    $400 6
the Maginot Line

Pam
    $400 17
Inspector Clouseau

Sahir
    $400 19
advances

Sahir
    $500 11
a muscle

Sahir
    $400 24
Gypsy Rose Lee

Arthur
    $400 29
(Pam: What is "are more equal"?)

"are more equal than others"

PamSahir
    $500 7
Patriot missiles

Sahir
    $500 18
a rabbit

Pam
    $500 20
a remainder

Sahir
    $500 12
the brain (helps covering speech)

Triple Stumper
    $500 25
Wilbur Mills

Triple Stumper
    $500 30
(Arthur: What is "are born to run"?)
(Pam: What is "were born to run"?)

"we were born to run"

ArthurPam
Triple Stumper

Scores at the first commercial break (after clue 13):

Arthur Pam Sahir
$300 $500 $2,200

Scores at the end of the Jeopardy! Round:

Arthur Pam Sahir
$700 $300 $4,900

Double Jeopardy! Round responses

THE ART OF PEACE
WAY UP NORTH
BETH J. SPRUCZAK -- ACCOUNTANT!
SOUNDS LIKE YIDDISH
MEN IN TIGHTS
YUMMY!
    $200 1
Napoleon Bonaparte

Sahir
    $200 16
Siberia

Sahir
    $200 6
an audit

Sahir
    $200 30
Nozzle

Arthur
    $200 12
Kevin Costner

Arthur
    $200 19
cranberry jelly

Sahir
    $400 2
Guernica

Sahir
    $400 17
Magnetic North Pole

Sahir
    $400 7
Steve Forbes

Sahir
    $400 29
kibble

Sahir
    $400 13
Mikhail Baryshnikov

Pam
    $400 20
a mushroom

Arthur
    $600 3
(Sahir: Who is Rosenthal?)

Alfred Eisenstaedt

Sahir
Triple Stumper
    $600 18
the treeline

Arthur
    $600 8
debits & credits

Pam
    $600 23
megahertz

Arthur
    $600 11
Hanes

Arthur
    $600 28
marzipan

Sahir
    $500 4
[Mona Lisa with a Mustache]

Dadaism

Sahir
    $800 21
Norway

Sahir
    $1,000 9
(Pam: What is overtime?)

appreciation

Pam
    $800 26
bushel basket

Pam
    $800 14
(Sahir: Who is Adam West?)

Burt Ward

ArthurSahir
    $800 27
Pfeffernüsse

Triple Stumper
    $1000 5
Aubrey Beardsley

Triple Stumper
    $1000 22
William Baffin

Arthur
    $1000 10
(Pam: What is Whinney?)

Young

ArthurPam
    $1000 24
(Alex: And we have less than a minute to go.)

farfetched

Arthur
    $1000 15
Richard Burbage

Pam
    $1000 25
(Arthur: Who is Lafitte?)

New Orleans

Arthur
Triple Stumper

Scores at the end of the Double Jeopardy! Round:

Arthur Pam Sahir
$6,100 $1,100 $7,800

Final Jeopardy! Round responses

ROYALTY
[William of Orange was from the house of [*].]
PamWhat is Charlotte Amalie?
$1,000
ArthurWhat is Orange (Willemstad) (Neth. Ant.)
$3,899
SahirWhat is George?
$13
Nassau

Final scores:

Arthur Pam Sahir
$2,201 $100 $7,787
2nd place: $2,500 if eliminated 3rd place: $2,500 if eliminated Automatic semifinalist

Game dynamics:

Coryat scores:

Arthur Pam Sahir
$6,100 $2,100 $8,000
15 R,
2 W
8 R,
4 W
(including 1 DD)
28 R
(including 2 DDs),
2 W

Combined Coryat: $16,200

[game clues] [game scores] [suggest correction]

Game tape date: Unknown
The J! Archive is created by fans, for fans. Scraping, republication, monetization, and malicious use prohibited; this site may use cookies and collect identifying information. See terms. The Jeopardy! game show and all elements thereof, including but not limited to copyright and trademark thereto, are the property of Jeopardy Productions, Inc. and are protected under law. This website is not affiliated with, sponsored by, or operated by Jeopardy Productions, Inc. Join the discussion at JBoard.tv.